000 00327nam a2200109Ia 4500
005 20251222154305.0
008 251222s9999||||xx |||||||||||||| ||spa||
082 _a582.130.985/C25
100 _a"Cano, Asuncióny otros"
245 0 _a"Las plantas comunes del Callejón de Conchucos (Ancash, Perú): Guía de campo"
942 _cLIB
999 _c33182
_d33182